Регионална библиотека "Любен Каравелов" - Русе

Информатика и информационни технологии (Запис номер 31745)

MARC детайли
000 -Лидер
Контролно поле с фиксирана дължина 02437nam a2200457 c 4500
003 - Код на организацията, давaща контролен номер
Контролно поле BLK
005 - Дата и час на последна редакция
Контролно поле 20250516144640.0
008 - Елементи от данни с фиксирана дължина
fixed length control field 180407b bul|||||r ||||||| ||bul||
010 ## - Наследен системен номер
LC control number KNG00034405000
040 ## - Източник на каталожния запис
Идентификатор на билиотеката - собственик на записа BLK
041 ## - Код за език
Код за езика на текст/звукозапис или на отделно заглавие Български
Код за езика КДБФ Български
080 ## - УДК
Текстов определител УДК Машинна графика
УДК код - определител по УДК 004
УДК определител (075.8)
УДК - код + определител 004(075.8)
080 ## - УДК
Текстов определител УДК Интернет. Изчислителни системи. Мултиизчислителни комплекси и многомашинни мрежи
УДК код - определител по УДК 004.738.5
УДК определител .06(075.8)
УДК - код + определител 004.738.5.06(075.8)
100 1# - Редна дума - Автор
Автор Илиев, Върбан Иванов
Авторска отговорност първи автор
R(LIN) 366694
139 ## - Редно поле
Редна дума Информатика и информационни технологии
Авторски знак Инф - И 73
245 10 - Сведения за заглавието
Заглавие Информатика и информационни технологии
Подзаглавни данни Учебник за ВУЗ
Редно поле (дума) Върбан Иванов Илиев; * Цветомир Иванов Василев; * Маргарита Стефанова Теодосиева; * Кръстимир Борисов Попов; * Румен Иванов Русев.
250 ## - Област на изданието
Сведения за изданието 2. прераб. и доп. изд.
257 ## - Страна на издаване
Страна на създаване/издаване България
260 ## - Област на издателските данни
Име на издателя, разпространителя и проч. Изд. авт.
Година на издаване 2000
Печатница Русе : Дунав прес
300 ## - Физическа характеристика
Страници 389 с.
Илюстрации и др. с ил.
Размери/Мащаб 20 см
380 ## - Жанр
Жанр Общ отдел
500 ## - Общи забележки
Забележка 1. изд. 1997 със загл. Програмиране и използване на изчислителни системи изд. на ТУ Ангел Кънчев - Русе. - Офс. изд. - 2 000 тир. - Библиогр. след отд. гл.
504 ## - Забележка за наличие на библиография и др
Забележка за наличие на библиография и под. след отд. гл.
650 #4 - Допълнително описание по предмет – тема
Основно описание – тема или топоним Информатика - учебници за ВУЗ
9 (RLIN) 243580
650 #4 - Допълнително описание по предмет – тема
Основно описание – тема или топоним Програмиране - учебници за ВУЗ
9 (RLIN) 259263
653 ## - Ключова дума – ненормативна
Ключова дума информатика
653 ## - Ключова дума – ненормативна
Ключова дума информационни технологии
653 ## - Ключова дума – ненормативна
Ключова дума програмиране
653 ## - Ключова дума – ненормативна
Ключова дума учебници за ВУЗ
700 1# - Други автори (авторска отговорност)
Лично име Василев, Цветомир Иванов
Автороска отговорност (Описва отношението между автора и произведението) *
9 (RLIN) 366695
700 1# - Други автори (авторска отговорност)
Лично име Теодосиева, Маргарита Стефанова
Автороска отговорност (Описва отношението между автора и произведението) *
9 (RLIN) 271760
700 1# - Други автори (авторска отговорност)
Лично име Попов, Кръстимир Борисов
Автороска отговорност (Описва отношението между автора и произведението) *
9 (RLIN) 271761
700 1# - Други автори (авторска отговорност)
Лично име Русев, Румен Иванов
Автороска отговорност (Описва отношението между автора и произведението) *
9 (RLIN) 271762
852 ## - Местоположение
Форматна сигнатура Цб 206590
856 4# - Електронен адрес и достъп
Електронен формат pdf - файл
856 4# - Електронен адрес и достъп
Електронен формат pdf - файл
999 ## - СИСТЕМНИ КОНТРОЛНИ НОМЕРА
Koha biblionumber 31745
Koha biblioitemnumber 31745
942 ## - АРТИКУЛИ
Вид на библиотечния материал Книги
Скрит в OPAC Не
Периодичен библиозапис Да
Koha issues (borrowed), all copies 8
944 ## - СЪЗДАВАНЕ И РЕДАКЦИЯ на ЗАПИСА
Създаване/Редакция Създаване
Дата на регистрацията/редакция 15.01.2003
Статус, дата на статуса Русанова Ирена
Служител, извършил регистрацията/редакцията 30542
944 ## - СЪЗДАВАНЕ И РЕДАКЦИЯ на ЗАПИСА
Създаване/Редакция Редакция
Дата на регистрацията/редакция 18.11.2009
Статус, дата на статуса ф /
999 ## - СИСТЕМНИ КОНТРОЛНИ НОМЕРА
Koha biblioitemnumber 31745
Наличности
Код за отписване Код за изгубен артикул Източник на класификационната схема Код за повреда Коз за рестрикции Код за отдаване Артикулен № Име на библиотеката - собственик Име на библиотеката, в която се намира в момента Статус (Текущо местоположение) Дата на вписване в системата Местоположение - отдел Цена в лева Инвентарен номер Систематично азбучна сигнатура Баркод Номер на екземпляра Цена в евро Служебна бележка Служебен тип на артикула
  Не е изгубен Universal Decimal Classification Не е повреден без рестрикции ползва се в читалня 50554 Регионална библиотека "Любен Каравелов" Русе Регионална библиотека "Любен Каравелов" Русе Хранилище 2001-01-01 Хранилище 0.00 660706 Цб 206590 120000660706 1 0.00 Дост: Dp Вид: Д N: 46 Дата: 01.01.2000 Книги
  Не е изгубен Universal Decimal Classification Не е повреден без рестрикции заемане за дома 50555 Регионална библиотека "Любен Каравелов" Русе Регионална библиотека "Любен Каравелов" Русе Заемна - подръчен фонд 2009-10-26 Заемна - подръчен фонд 5.00 120000739265 004/И 73 120000739265 2 2.56 Дост: DA Вид: А N: 13 Дата: 26.10.2009 Дата инв: 08.02.2018 Бележки инв: П2018 Книги
Vip Innovations Ltd, Rousse, Bulgaria 2025